000 00387nam a2200157Ia 4500
008 230917s9999||||xx |||||||||||||| ||und||
040 _e101174
_aMAIN
041 _aEnglish
082 _a005.432 G463U
100 _aGlass, Graham
245 0 _aUNIX for programmers and users
250 _a3rd ed.
260 _aNew Delhi
_bPearson Education
_c2003
300 _a687 p.
942 _cBK
999 _c118065
_d118065